| 000 | 00378nam a2200169Ia 4500 | ||
|---|---|---|---|
| 005 | 20250624032446.0 | ||
| 008 | 240331s9999 xx 000 0 und d | ||
| 020 | _a9559763504 | ||
| 082 |
_bPIE _a340 |
||
| 100 | _aPieris,R | ||
| 245 | 0 | _aNeethiya obata | |
| 250 | _a3rd | ||
| 260 |
_aColombo _bLegal Aid Commission _c2001 |
||
| 300 | _a100 p ., | ||
| 650 | _aLaw | ||
| 942 | _cL | ||
| 999 |
_c5093 _d5093 |
||